000 00731nam a22002297a 4500
001 06961
003 HDC
007 cr bn ---
008 210126p2011 ||||| |||| 00| 0 eng d
040 _aHDC
245 0 _aHalal Market for Palm Oil in Sub-Saharan Africa
260 _bMALAYSIAN PALM OIL COUNCIL
336 _atext
_2rdacontent
337 _acomputer
_2rdamedia
338 _aonline resource
_2rdacarrier
650 _aFood
_xReligious aspect
_xIslam
_97432
650 _aHala food
_97431
856 _zRequest full-text at [email protected]
942 _2lcc
942 _cAR
942 _kJART 000620
999 _c4285
_d4285